000 00527nam a2200193Ia 4500
005 20250508151751.0
008 008 250505s9999 xx 000 0 eng d
037 _aTextual
040 _aFEDL
_beng
_cFEDL
041 _aeng
_2eng
084 _a335, GAN
_qFEDL
100 _aGandhi M. K.
245 0 _aSarvodaya : Its principles and programme
260 _aAhmedabad, India
_bNavajivan Publishing House
300 _aiv,73p
650 _aEconomics
942 _cTEXL
_h335, GAN
999 _c1332025
_d1332025